00721nam a22002417b 4500003000500000005001700005008004100022020002900063040002400092041001400116082001300130100002300143245003700166250001900203260005100222300002300273490001300296505008500309655001800394655001700412655002200429655002800451322820260319011337.0260318b sa ||||j |||| 00| 1 AFR d a9780628035431 (hardback) aMPLbengc3228erda aAfrikaans 0aATF DIRK aDirks, Coreauthor aDie Uile Omnibus 4 /cCor Dirks  aEerste uitgawe aMidrand :bPerskor-Uitgewers ,c©1996,c1996. a115 pages :c21 cm aDie Uile tInhoud: Die Uile in die wapad ; Die Uile in die stad ; Die Uile in die gimnasium 0aYouth Fiction 0aBoys Stories 0aAdventure Stories 0aHuman Relations Fiction